| 000 | 01076cab a2200193 4500 | ||
|---|---|---|---|
| 001 | ##L133342 | ||
| 008 | 060503n2006 000 0 eng u | ||
| 035 | _a(Sirsi) u133342 | ||
| 041 | 0 | _aeng | |
| 100 | 1 | _aJones, Ali | |
| 245 | 0 | 0 | _aWho's in the money? |
| 260 | _c2006 | ||
| 490 | 0 |
_aRICS Business _vApril 2006, 16-19(4) |
|
| 520 | _aAnalyses the results of the "RICS and MacDonald and Company salary and benefits survey 2006" (L133340) which reveals that salaries across the property profession have increased significantly since 2005 with the average salary now £44 839 excluding bonuses and other benefits. Looks at the geographical remuneration spread, professionals working outside the UK, bonuses and benefits, the gender gap and the issue of job satisfaction. Compares property professionals' pay with that of other professions. Concludes with the property professionals verdict on their markets. Tables | ||
| 590 | _aIKA090506 | ||
| 650 | 2 | 4 | _aRICS SALARY AND BENEFITS SURVEYS |
| 690 | _aCAREERS, EDUCATION AND TRAINING-SURVEYING APPOINTMENTS | ||
| 942 | _n0 | ||
| 999 |
_c76943 _d76943 |
||